Estadísticas para Países con los peores pasaportes

Haz click aquí para intentar la prueba.

Estadísticas generales

  • Esta prueba ha sido intentada 936 veces
    (224 desde el último reinicio)
  • La puntuación promedio es 18 de 23

Estadísticas de respuestas

#País% Correcto
39Afganistán
93%
40Irak
93%
50Corea del Norte
92%
54Irán
91%
37Siria
89%
44Somalia
87%
53R. D. Congo
86%
52Sudán
86%
56Rep. del Congo
85%
45Yemen
85%
52Eritrea
82%
46Pakistán
82%
52Sudán del Sur
82%
55Etiopía
79%
50Libia
78%
54Nigeria
74%
55Líbano
73%
55Myanmar
71%
53Nepal
71%
49Bangladés
70%
57Burundi
66%
57Liberia
61%
55Sri Lanka
55%

Distribución de puntuación

Porcentaje por número respondido

Porcentaje de gente con cada puntuación

Historial de tus puntuaciones

No has intentado esta prueba desde el último reinicio